Tous les buts de Kylian Mbappé en équipe de France - Statistiques

Statistiques générales
  • Ce quiz a été pris 101 fois
    43 depuis la dernière actualisation
  • Le résultat moyen est 15 sur 24
Statistiques - réponses
Buts Pays % Correct
5 Argentine
97%
2 Espagne
97%
6 Pays-bas
89%
1 Allemagne
86%
1 Gibraltar
78%
2 Pologne
75%
1 Belgique
72%
2 Croatie
72%
2 Danemark
72%
1 Australie
69%
2 Russie
67%
1 Suède
58%
1 Ukraine
58%
2 Islande
56%
4 Kazakhstan
53%
1 Andorre
47%
1 Etats-unis
47%
1 Finlande
47%
1 Pérou
47%
2 Autriche
42%
1 Grèce
42%
2 Afrique du Sud
36%
1 Moldavie
33%
1 Pays de Galles
28%
Aucun quiz correspondant
Distribution des résultats
% des personnes avec chaque résultat
Percentile par nombre de réponses
Votre historique - résultats
Vous n’avez pas pris ce quiz depuis la dernière actualisation